| 000 | 00449nam a2200133Ia 4500 | ||
|---|---|---|---|
| 008 | 170221s9999 xx 000 0 und d | ||
| 100 | _aTeerawat Charoenrat | ||
| 245 | _aTechnical Efficiency of Thai Manufacturing SMEs: A Stochastic Frontier Analysis | ||
| 245 | _cTeerawat Charoenrat and Charles Harvie | ||
| 260 | _c2015 | ||
| 300 | _a4 : 2 | ||
| 650 | _xBusiness | ||
| 856 | _uhttp://ro.uow.edu.au/cgi/viewcontent.cgi?article=1427&context=aabfj | ||
| 999 |
_c313560 _d313560 |
||